| 000 | 00665nam a2200193Ia 4500 | ||
|---|---|---|---|
| 003 | GCL | ||
| 008 | 140319s9999 xx 000 0 ara d | ||
| 040 |
_aGCL / _cGCL |
||
| 082 | 0 | 4 |
_a720.92 _bا م |
| 100 | 1 | _aاحمد ايمن خلوصى | |
| 245 | 1 | 0 |
_aمايكل جريفز / _cاحمد ايمن خلوصى |
| 260 |
_aبيروت : _bدار قابس للطباعة والنشر والتوزيع ، _c2004 |
||
| 300 |
_a209 ص ؛ _c20 سم |
||
| 490 |
_aسلسلة مشاهير الفكر الهندسى المعمارى _v0 |
||
| 650 | 0 | 4 | _aالمعماريون |
| 650 | 0 | 4 | _aالعمارة - تراجم |
| 650 | 0 | 4 | _aجريفز، مايكل |
| 942 |
_2ddc _cBK |
||
| 999 |
_c6395 _d6395 |
||